000 00186 a2200097 4500
001 41472
100 _aZahid Malik
245 _a#NAME?
260 _aLondan
_b
_c
090 _c25636
_d25636
942 _aNUST-CAE
_cm
_c17376
999 _c276545
_d276545